[Event "6. OIBM 2002"]
[Site "Bad Wiessee"]
[Date "2002.11.01"]
[Round "7"]
[White "Baramidze, David"]
[Black "Keller, Manfred"]
[Result "1-0"]
[WhiteElo "2390"]
[BlackElo "2219"]
[PlyCount "59"]
[EventDate "2002.??.??"]

1. e4 Nf6 2. e5 Nd5 3. c4 Nb6 4. d4 d6 5. exd6 cxd6 6. d5 e5 7. Nc3 Be7 8. Bd3
O-O 9. Nge2 f5 10. b3 N8d7 11. f4 e4 12. Bc2 Bf6 13. O-O Re8 14. a4 a5 15. Ra2
Nc5 16. Nb5 Ra6 17. Be3 Nbd7 18. Kh1 Nf8 19. Bb1 Qe7 20. Rd2 b6 21. Ned4 Qd7
22. Bc2 g6 23. g3 Ra8 24. h3 h5 25. Rg2 Re7 26. g4 hxg4 27. hxg4 fxg4 28. f5
Rh7+ 29. Kg1 Bxd4 30. Nxd4 1-0

[Event "6. OIBM 2002"]
[Site "Bad Wiessee"]
[Date "2002.11.01"]
[Round "7"]
[White "Ciuksyte, Dagne"]
[Black "Muster, Frank"]
[Result "0-1"]
[WhiteElo "2334"]
[BlackElo "2109"]
[PlyCount "34"]
[EventDate "2002.??.??"]

1. e4 e5 2. Nf3 Nc6 3. Bb5 f5 4. Nc3 Nd4 5. Ba4 Nf6 6. O-O Bc5 7. d3 O-O 8.
exf5 d5 9. Bg5 Bxf5 10. Nxd4 Bxd4 11. Nxd5 Kh8 12. Bb3 Qd7 13. Nxf6 gxf6 14.
Bh6 Bg4 15. Qd2 Rg8 16. Bxg8 Rxg8 17. Kh1 Bf3 0-1

[Event "6. OIBM 2002"]
[Site "Bad Wiessee"]
[Date "2002.11.01"]
[Round "7"]
[White "Efimenko, Zahar"]
[Black "Womacka, Mathias"]
[Result "0-1"]
[WhiteElo "2567"]
[BlackElo "2484"]
[PlyCount "70"]
[EventDate "2002.??.??"]

1. e4 c5 2. Nf3 d6 3. d4 cxd4 4. Nxd4 Nf6 5. Nc3 a6 6. Bg5 e6 7. f4 Qb6 8. Qd2
Qxb2 9. Nb3 Nbd7 10. Bxf6 gxf6 11. Be2 b5 12. O-O Bb7 13. Nd1 Qa3 14. Nf2 Rc8
15. f5 exf5 16. exf5 Rg8 17. g3 Ne5 18. Nd3 Qa4 19. Nb4 Bh6 20. Qxd6 Be3+ 21.
Rf2 Rd8 22. Qxf6 Bxf2+ 23. Kxf2 Qxb4 24. Qxe5+ Kf8 25. c3 Qe4 26. Qxe4 Bxe4 27.
Nd4 Kg7 28. a3 Kf6 29. g4 h5 30. h3 hxg4 31. hxg4 Bb7 32. a4 b4 33. Nb3 bxc3
34. Nc5 Rd2 35. Rd1 c2 0-1

[Event "6. OIBM 2002"]
[Site "Bad Wiessee"]
[Date "2002.11.01"]
[Round "7"]
[White "Gershon, Alik"]
[Black "Landa, Konstantin"]
[Result "0-1"]
[WhiteElo "2562"]
[BlackElo "2632"]
[PlyCount "82"]
[EventDate "2002.??.??"]

1. d4 Nf6 2. c4 e6 3. Nc3 Bb4 4. Qc2 c5 5. dxc5 O-O 6. a3 Bxc5 7. Nf3 b6 8. Bg5
Bb7 9. e3 Be7 10. Rd1 h6 11. Bh4 d5 12. Bxf6 Bxf6 13. cxd5 exd5 14. Be2 Qc8 15.
Nd4 Nc6 16. Nxd5 Bxd4 17. exd4 Qd7 18. Bf3 Na5 19. Ne3 Bxf3 20. gxf3 Rac8 21.
Qd3 Qh3 22. Rg1 Rfe8 23. d5 Nc4 24. Qd4 Ne5 25. Ke2 Rc2+ 26. Nxc2 Nxf3+ 27. Ne3
Nxd4+ 28. Rxd4 Qxh2 29. Kf1 Qh3+ 30. Rg2 Qh1+ 31. Rg1 Qh3+ 32. Rg2 Rd8 33. Kg1
Qc8 34. Rc4 Qd7 35. Rg3 f5 36. Rd4 g5 37. Nc4 f4 38. Rgd3 b5 39. Ne5 Qd6 40.
Re4 Re8 41. Nc4 bxc4 0-1

[Event "6. OIBM 2002"]
[Site "Bad Wiessee"]
[Date "2002.11.01"]
[Round "7"]
[White "Gutman, Lev"]
[Black "Prusikhin, Michael"]
[Result "1/2-1/2"]
[WhiteElo "2476"]
[BlackElo "2504"]
[PlyCount "67"]
[EventDate "2002.??.??"]

1. Nf3 Nf6 2. g3 d5 3. Bg2 c6 4. O-O Bg4 5. Ne5 Bh5 6. d4 e6 7. c4 Nbd7 8. Nc3
Be7 9. Qb3 Qb6 10. Nxd7 Nxd7 11. e4 dxe4 12. Nxe4 O-O 13. Be3 Rfd8 14. Nc3 Qxb3
15. axb3 Nf6 16. h3 Bg6 17. Rac1 Rd7 18. Rfd1 Bb4 19. g4 h6 20. Na2 Be7 21. f4
h5 22. Bf3 Be4 23. Be2 hxg4 24. hxg4 g5 25. Nc3 Bg6 26. f5 exf5 27. gxf5 Bxf5
28. Bxg5 Ne4 29. Nxe4 Bxe4 30. Bxe7 Rxe7 31. Kf2 Rd8 32. Rc3 Rd6 33. Re3 Kf8
34. Rd2 1/2-1/2

[Event "6. OIBM 2002"]
[Site "Bad Wiessee"]
[Date "2002.11.02"]
[Round "8"]
[White "Gutman, Lev"]
[Black "Gershon, Alik"]
[Result "0-1"]
[WhiteElo "2476"]
[BlackElo "2562"]
[PlyCount "86"]
[EventDate "2002.??.??"]

1. Nf3 Nf6 2. g3 b5 3. Bg2 Bb7 4. d4 e6 5. Qd3 a6 6. a4 b4 7. Nbd2 c5 8. O-O
cxd4 9. Nc4 Be4 10. Qxd4 d5 11. Nce5 Bd6 12. c4 bxc3 13. Qxc3 O-O 14. Bf4 Ra7
15. Rfc1 Rb7 16. Qd4 h6 17. h3 Bh7 18. Bd2 Ne4 19. Be1 Qe8 20. a5 Rb5 21. Qa4
Nc5 22. Qa3 f6 23. b4 Nb7 24. Nd3 Rxa5 25. Qb3 Rxa1 26. Rxa1 Be4 27. Nd4 Bxg2
28. Kxg2 Qf7 29. b5 Nc5 30. Nxc5 Bxc5 31. Nf3 Qb7 32. Qc2 Rc8 33. bxa6 Nxa6 34.
Qg6 d4 35. Bd2 Bf8 36. Bxh6 Nc5 37. Bd2 e5 38. Rb1 Qa8 39. Kg1 d3 40. Nh4 Qa2
41. Nf5 Qxb1+ 42. Kh2 Rc7 43. Nh6+ Kh8 0-1

[Event "6. OIBM 2002"]
[Site "Bad Wiessee"]
[Date "2002.11.02"]
[Round "8"]
[White "Heimrath, Reiner"]
[Black "Goloshchapov, Alexander"]
[Result "1-0"]
[WhiteElo "2307"]
[BlackElo "2536"]
[PlyCount "123"]
[EventDate "2002.??.??"]

1. e4 c5 2. Nc3 Nc6 3. d3 d6 4. g3 g6 5. Bg2 Bg7 6. h4 Nf6 7. Nge2 e5 8. Bg5
Ne7 9. Qd2 h6 10. Bxf6 Bxf6 11. h5 g5 12. Nd1 g4 13. Ne3 Be6 14. c4 Bg5 15. Nc3
O-O 16. O-O-O a6 17. Kb1 b5 18. Qe2 Qd7 19. Ncd5 Rab8 20. Rdf1 bxc4 21. dxc4
Nc6 22. f4 gxf3 23. Bxf3 Nd4 24. Qd3 f6 25. Bd1 Rb7 26. Rh2 Bxe3 27. Nxe3 Qg7
28. Rhf2 Kh8 29. g4 Qg5 30. Nd5 Bxd5 31. exd5 Rbf7 32. Qa3 e4 33. Rf4 Qe5 34.
Qe3 f5 35. Bc2 Rf6 36. gxf5 Nxc2 37. Kxc2 Re8 38. b3 Kh7 39. Qc3 e3 40. Qxe5
Rxe5 41. Kd3 e2 42. Re1 Rfxf5 43. Rxf5 Rxf5 44. Rxe2 Rxh5 45. Re6 Rg5 46. Rxd6
h5 47. Rxa6 h4 48. Rf6 h3 49. Rf3 Rh5 50. Rf1 Kg6 51. Ke4 h2 52. Rh1 Rh3 53. d6
Kf7 54. Kd5 Ke8 55. Kc6 Kd8 56. a4 Kc8 57. a5 Rh7 58. a6 Rc7+ 59. Kb6 Rd7 60.
Kxc5 Rh7 61. Kc6 Kb8 62. b4 1-0

[Event "6. OIBM 2002"]
[Site "Bad Wiessee"]
[Date "2002.11.02"]
[Round "8"]
[White "Jaracz-Grabarska, Barbara"]
[Black "Kononenko, Tatiana"]
[Result "1/2-1/2"]
[WhiteElo "2270"]
[BlackElo "2388"]
[PlyCount "77"]
[EventDate "2002.??.??"]

1. e4 c6 2. d4 d5 3. exd5 cxd5 4. c4 Nf6 5. Nc3 e6 6. Nf3 Be7 7. cxd5 Nxd5 8.
Bd3 Nc6 9. O-O O-O 10. Re1 Bf6 11. Be4 Nce7 12. Ne5 Bd7 13. Qd3 g6 14. h4 Bc6
15. Bg5 Bxg5 16. hxg5 Nf5 17. Qd2 Nxc3 18. bxc3 Bxe4 19. Rxe4 Rc8 20. Rc1 Qa5
21. Ng4 Rfd8 22. Re5 Qa3 23. d5 Rc4 24. Nf6+ Kg7 25. Rb1 b6 26. Rb3 Qc5 27. Qe1
h6 28. Rb1 hxg5 29. dxe6 Qc6 30. Nh5+ gxh5 31. Rxf5 f6 32. Rf3 Rg4 33. Qe2 Qe4
34. Re1 Qxe2 35. Rxe2 Rd1+ 36. Kh2 Rh4+ 37. Kg3 Rg4+ 38. Kh2 Rh4+ 39. Kg3
1/2-1/2

[Event "6. OIBM 2002"]
[Site "Bad Wiessee"]
[Date "2002.11.02"]
[Round "8"]
[White "Kindermann, Stefan"]
[Black "Sarana-Hungeling, Oksana"]
[Result "1-0"]
[WhiteElo "2519"]
[BlackElo "2291"]
[PlyCount "65"]
[EventDate "2002.??.??"]

1. e4 e6 2. d3 d5 3. Nd2 Nf6 4. Ngf3 Bc5 5. e5 Nfd7 6. d4 Bb6 7. Nb3 c5 8. dxc5
Nxc5 9. Be3 Qc7 10. Nxc5 Bxc5 11. Bxc5 Qxc5 12. c3 Bd7 13. Qb3 Nc6 14. Bd3 f6
15. exf6 gxf6 16. Qxb7 Rb8 17. Qc7 Rxb2 18. O-O Qxc3 19. Rad1 Qa5 20. Qg3 Kf7
21. Rc1 e5 22. Bf5 Bxf5 23. Rxc6 Re8 24. Ng5+ fxg5 25. Qf3 Kg7 26. Qxf5 Qd8 27.
Rfc1 Rb7 28. h4 Rf7 29. Qg4 Ref8 30. hxg5 Rxf2 31. g6 R2f4 32. Rc7+ Kf6 33.
R1c6+ 1-0

[Event "6. OIBM 2002"]
[Site "Bad Wiessee"]
[Date "2002.11.02"]
[Round "8"]
[White "Lobron, Eric"]
[Black "Burmakin, Vladimir"]
[Result "1/2-1/2"]
[WhiteElo "2500"]
[BlackElo "2581"]
[PlyCount "70"]
[EventDate "2002.??.??"]

1. e4 c6 2. d4 d5 3. Nd2 dxe4 4. Nxe4 Bf5 5. Ng3 Bg6 6. h4 h6 7. Nf3 Nd7 8. h5
Bh7 9. Bd3 Bxd3 10. Qxd3 e6 11. Bd2 Qc7 12. O-O-O O-O-O 13. Qe2 Bd6 14. Ne4 Bf4
15. g3 Bxd2+ 16. Nexd2 Ngf6 17. Nb3 Ng4 18. Ne1 Ngf6 19. Nd3 Ne8 20. Nbc5 Nxc5
21. dxc5 Nf6 22. Ne5 Rd5 23. f4 Rhd8 24. c4 Rxd1+ 25. Rxd1 Rxd1+ 26. Qxd1 Ne4
27. Qd3 f5 28. b4 Nf6 29. Qa3 a6 30. b5 cxb5 31. cxb5 axb5 32. Qa8+ Qb8 33. Qa5
Qc7 34. Qa8+ Qb8 35. Qa5 Qc7 1/2-1/2

[Event "6. OIBM 2002"]
[Site "Bad Wiessee"]
[Date "2002.11.02"]
[Round "8"]
[White "Stoeber, Michael"]
[Black "Korobov, Anton"]
[Result "0-1"]
[WhiteElo "2296"]
[BlackElo "2503"]
[PlyCount "74"]
[EventDate "2002.??.??"]

1. e4 c5 2. Nf3 d6 3. Bb5+ Nd7 4. d4 cxd4 5. Qxd4 e5 6. Qd3 Be7 7. O-O Ngf6 8.
Nc3 O-O 9. Be3 Qc7 10. Rfe1 Nc5 11. Bxc5 Qxc5 12. Bc4 Bd7 13. Nd2 Rac8 14. Bb3
b5 15. a4 b4 16. Nd1 Nh5 17. g3 Kh8 18. Ne3 g6 19. Rad1 f5 20. Nd5 Bd8 21. Qc4
Bb6 22. Nxb6 Qxb6 23. Qe2 f4 24. Kg2 Qd8 25. Nf3 Qe7 26. Rd3 Rf6 27. Rf1 Rcf8
28. h3 fxg3 29. fxg3 Qe8 30. Qd2 Qc8 31. Rh1 a5 32. c3 Bc6 33. Re1 Qb7 34. Qe2
Ng7 35. Nd2 Qb6 36. Rf1 Rxf1 37. Nxf1 Bxe4+ 0-1

[Event "6. OIBM 2002"]
[Site "Bad Wiessee"]
[Date "2002.11.03"]
[Round "9"]
[White "Khenkin, Igor"]
[Black "Womacka, Mathias"]
[Result "1-0"]
[WhiteElo "2603"]
[BlackElo "2484"]
[PlyCount "113"]
[EventDate "2002.??.??"]

1. d4 Nf6 2. Nf3 e6 3. c4 c5 4. e3 d5 5. cxd5 exd5 6. Bb5+ Nc6 7. O-O cxd4 8.
Nxd4 Bd7 9. Nc3 Bd6 10. Nf3 Bg4 11. h3 Bh5 12. Qa4 O-O 13. Nd4 Nxd4 14. Qxd4 a6
15. Be2 Bxe2 16. Nxe2 Re8 17. Bd2 Rc8 18. Bc3 Be5 19. Qd3 Qb6 20. Bxe5 Rxe5 21.
Qd4 Qxd4 22. Nxd4 Re7 23. Nf5 Rd7 24. Rac1 Rxc1 25. Rxc1 h5 26. f3 g6 27. Rc8+
Kh7 28. Nd4 Ng8 29. Kf2 Kg7 30. Nb3 Ne7 31. Nc5 Nxc8 32. Nxd7 b6 33. Ke2 f6 34.
Nb8 a5 35. Na6 h4 36. Nc7 Ne7 37. Kd3 g5 38. a4 Kg6 39. Na8 Kf5 40. Nxb6 Ke6
41. e4 dxe4+ 42. Kxe4 Nc6 43. Kd3 f5 44. Kc4 Ne5+ 45. Kd4 Nc6+ 46. Kc5 Ne5 47.
Nc4 Nd3+ 48. Kc6 Ne5+ 49. Kb5 Nxf3 50. gxf3 g4 51. fxg4 fxg4 52. Ne3 gxh3 53.
Nf1 Kd5 54. Kxa5 Ke4 55. Kb4 Kf3 56. a5 Kg2 57. a6 1-0

[Event "6. OIBM 2002"]
[Site "Bad Wiessee"]
[Date "2002.11.03"]
[Round "9"]
[White "Aronian, Levon"]
[Black "Mainka, Romuald"]
[Result "1-0"]
[WhiteElo "2581"]
[BlackElo "2411"]
[PlyCount "85"]
[EventDate "2002.??.??"]

1. e4 e5 2. Nf3 Nc6 3. Bb5 Nf6 4. O-O Nxe4 5. d4 Nd6 6. Bxc6 dxc6 7. dxe5 Nf5
8. Qxd8+ Kxd8 9. Nc3 Ke8 10. h3 Ne7 11. Nd4 Ng6 12. f4 Bc5 13. Be3 Ne7 14. Ne4
Bxd4 15. Bxd4 Bf5 16. Nf2 h5 17. g4 Bxc2 18. Rac1 Ba4 19. e6 hxg4 20. hxg4 fxe6
21. Bxg7 Rg8 22. Be5 Rd8 23. g5 Kf7 24. Ng4 Nf5 25. Bxc7 Rd2 26. b3 Rc8 27. Ba5
Rd5 28. Rfd1 Bb5 29. Ne5+ Rxe5 30. fxe5 b6 31. a4 Be2 32. Rd7+ Kg6 33. Rc2 Bf3
34. Bc3 a6 35. a5 bxa5 36. Bxa5 Bd5 37. b4 Kxg5 38. Bd8+ Kf4 39. Kf2 Kxe5 40.
Re2+ Kd4 41. Rxe6 Kc4 42. Re1 Kd4 43. Rc1 1-0

[Event "6. OIBM 2002"]
[Site "Bad Wiessee"]
[Date "2002.11.03"]
[Round "9"]
[White "Gershon, Alik"]
[Black "Hertneck, Gerald"]
[Result "0-1"]
[WhiteElo "2562"]
[BlackElo "2502"]
[PlyCount "80"]
[EventDate "2002.??.??"]

1. d4 d5 2. c4 c6 3. Nf3 Nf6 4. Nc3 dxc4 5. a4 Bf5 6. Ne5 Nbd7 7. Nxc4 Nb6 8.
Ne5 a5 9. f3 Nfd7 10. Nxd7 Nxd7 11. e4 Bg6 12. Be3 e6 13. Bc4 Bb4 14. O-O O-O
15. Qb3 Re8 16. Rad1 Qc7 17. Kh1 Nf8 18. Bf2 Bd6 19. Bg1 Rac8 20. d5 cxd5 21.
Nb5 Qe7 22. exd5 e5 23. Nxd6 Qxd6 24. Rc1 e4 25. f4 e3 26. Bxe3 Be4 27. Qb6 Qd7
28. f5 Rxc4 29. Rxc4 Bxg2+ 30. Kxg2 Qxd5+ 31. Rf3 Qxc4 32. Qxa5 Qg4+ 33. Rg3
Qe4+ 34. Kg1 Qb1+ 35. Kg2 Qxb2+ 36. Kh3 Qe2 37. Qc5 Qf1+ 38. Rg2 Nd7 39. Qc3
Qxf5+ 40. Kg3 Nf6 0-1

[Event "6. OIBM 2002"]
[Site "Bad Wiessee"]
[Date "2002.11.03"]
[Round "9"]
[White "Burmakin, Vladimir"]
[Black "Farago, Ivan"]
[Result "1/2-1/2"]
[WhiteElo "2581"]
[BlackElo "2474"]
[PlyCount "79"]
[EventDate "2002.??.??"]

1. Nf3 Nf6 2. d4 e6 3. c4 b6 4. g3 Ba6 5. b3 d5 6. cxd5 exd5 7. Bg2 Bd6 8. O-O
O-O 9. Nc3 Re8 10. Bb2 Nbd7 11. Re1 Bb7 12. Rc1 a6 13. Nd2 Ne4 14. Ncxe4 dxe4
15. Qc2 Nf6 16. Nc4 Bb4 17. Red1 Bd5 18. Bc3 a5 19. Bd2 Bxd2 20. Rxd2 c6 21.
Bh3 Bxc4 22. Qxc4 e3 23. fxe3 Qe7 24. Qd3 c5 25. Bg2 Rad8 26. Bc6 Qxe3+ 27.
Qxe3 Rxe3 28. Rcd1 cxd4 29. Rxd4 Rxd4 30. Rxd4 Kf8 31. Bf3 Ke7 32. Rc4 Kd8 33.
Kf2 Re6 34. b4 axb4 35. Rxb4 Nd7 36. Bd5 Re7 37. Ra4 Kc7 38. Ra7+ Kd6 39. Bf3
Ne5 40. Rxe7 1/2-1/2

[Event "6. OIBM 2002"]
[Site "Bad Wiessee"]
[Date "2002.11.03"]
[Round "9"]
[White "Fischer, Johann"]
[Black "Lerner, Konstantin"]
[Result "0-1"]
[WhiteElo "2301"]
[BlackElo "2504"]
[PlyCount "22"]
[EventDate "2002.??.??"]

1. c4 e5 2. Nc3 Nf6 3. Nf3 Nc6 4. d4 exd4 5. Nxd4 Bb4 6. Bg5 h6 7. Bh4 O-O 8.
Rc1 Ne5 9. f4 Ng6 10. Bxf6 Qxf6 11. g3 Re8 0-1

[Event "6. OIBM 2002"]
[Site "Bad Wiessee"]
[Date "2002.11.03"]
[Round "9"]
[White "Korobov, Anton"]
[Black "Kaminik, Aleksandar"]
[Result "1-0"]
[WhiteElo "2503"]
[BlackElo "2232"]
[PlyCount "65"]
[EventDate "2002.??.??"]

1. d4 Nf6 2. c4 g6 3. Nc3 Bg7 4. e4 d6 5. Be2 O-O 6. Nf3 Bg4 7. Be3 Nfd7 8. Rc1
c5 9. d5 Na6 10. h3 Bxf3 11. Bxf3 Nc7 12. Be2 a6 13. a4 Qb8 14. Qd2 e5 15. g4
b5 16. cxb5 axb5 17. Nxb5 Rxa4 18. Nxd6 Rb4 19. Nc4 Kh8 20. O-O Qb7 21. Kh1 f5
22. gxf5 gxf5 23. Bh6 f4 24. Bxg7+ Kxg7 25. Rg1+ Kh8 26. Rg5 Nb5 27. Rcg1 Qb8
28. Bd3 Nd4 29. Qd1 Qe8 30. Nd6 Qe7 31. Qh5 Nf6 32. Qh6 Qxd6 33. Qg7# 1-0